| 000 | 01406nam a22002417a 4500 | ||
|---|---|---|---|
| 999 |
_c59525 _d59525 |
||
| 003 | Ge_BSU | ||
| 005 | 20230328110005.0 | ||
| 008 | 230309s2002 ge ||||| |||| 00| 0 geo d | ||
| 020 | _a99286128X | ||
| 041 | _ageo | ||
| 080 | _a32.001(075.8) შ-93 | ||
| 100 |
_aშუბითიძე, ვაჟა _96107 |
||
| 245 |
_aპოლიტოლოგია. პოლიტიკური ტექნოლოგიები : _bდამხმ. სახელმძღვ. / _cვაჟა შუბითიძე, ოთარ დავითაშვილი; [რედ.: იგორ კვესელავა] ; სტუ, პოლიტოლოგიის კათედრა. |
||
| 264 |
_aთბილისი: _bსაქართველოს ტექნიკური უნივერსიტეტი, _c2002. |
||
| 300 |
_a216 გვ. ; _b20 სმ. |
||
| 504 | _aბიბლიოგრ.: გვ. 201-205. | ||
| 653 | _aპოლიტოლოგია | ||
| 653 | _aსახელმძღვანელო | ||
| 653 | _aპოლიტიკური ტექნოლოგიები | ||
| 700 |
_aდავითაშვილი, ოთარ _eავტორი _917143 |
||
| 710 |
_aსაქ.ტექნიკური უნივერსიტეტი _bპოლიტოლოგიის კათედრა _917144 |
||
| 942 |
_2udc _cBK |
||